000 00665nam a2200205Ii 4500
003 JO-AjNU
008 230605s9999||||xx |||||||||||||| ||und||
040 _aJO-AjNU
_bara
_erda
_cJO-AjNU
041 _aara
050 1 4 _aPJ7631 1989
100 3 _aتأليف محظوظ،حسين,
_eauthor
_913120
245 0 0 _aمختارات من الحماسة الأحوازية
250 _aط1
264 3 1 _aبغداد:دار الشؤون الثقافية العامة،1989
300 _a97ص
336 _atext
_btxt
_2rdacontent
337 _aunmediated
_bn
_2rdamedia
338 _avolume
_bnc
_2rdacarrier
650 4 _aالشعر العربي - مختارات
_913121
999 _aA3182
_c6750
_d6750